[Event "Women's Speed Chess Q2"]
[Site "chess.com INT"]
[Date "2020.06.19"]
[Round "3"]
[White "Antolak, Julia"]
[Black "Arakhamia-Grant, Ketevan"]
[Result "1/2-1/2"]
[WhiteTitle "WIM"]
[BlackTitle "GM"]
[WhiteElo "2323"]
[BlackElo "2380"]
[WhiteFideId "1159569"]
[BlackFideId "13600168"]
[EventDate "2020.06.19"]

1. e4 c5 2. Nf3 Nc6 3. d4 cxd4 4. Nxd4 e5 5. Nb5 d6 6. N1c3 a6 7. Na3 Be7 8. Nc4
b5 9. Ne3 Nf6 10. g3 O-O 11. Bg2 Rb8 12. O-O Be6 13. a4 b4 14. Ncd5 a5 15. b3
Qd7 16. Bb2 Bd8 17. c3 Bxd5 18. Nxd5 Nxd5 19. Qxd5 Bb6 20. Rad1 Rfd8 21. Bf3
bxc3 22. Bxc3 Bd4 23. Be1 Rdc8 24. Be2 Ne7 25. Qxa5 Rxb3 26. Bb5 Qh3 27. Qa6 Bc5
28. Qb7 Rxg3+ 29. hxg3 Qxg3+ 30. Kh1 Qh3+ 31. Kg1 Qg4+ 32. Kh1 Qxd1 33. Qxe7
Qh5+ 34. Kg1 Qg4+ 35. Kh2 Qf4+ 36. Kg1 Qg4+ 37. Kh1 Qh3+ 38. Kg1 Qg4+ 1/2-1/2

[Event "Women's Speed Chess Q2"]
[Site "chess.com INT"]
[Date "2020.06.19"]
[Round "3"]
[White "Eswaran, Ashritha"]
[Black "Doluhanova, Evgeniya"]
[Result "1-0"]
[WhiteTitle "WIM"]
[BlackTitle "WGM"]
[WhiteElo "2244"]
[BlackElo "2229"]
[WhiteFideId "2080788"]
[BlackFideId "14112035"]
[EventDate "2020.06.19"]

1. e4 e5 2. Nf3 Nc6 3. Bc4 Bc5 4. O-O Nf6 5. d3 h6 6. c3 O-O 7. b4 Bd6 8. a4 a6
9. a5 Ne7 10. Bb3 Ng6 11. Nbd2 c6 12. Nc4 Bc7 13. Ne3 d5 14. Qc2 Be6 15. Re1 Re8
16. Nf1 Qd7 17. Ng3 Rad8 18. Be3 dxe4 19. dxe4 Bxb3 20. Qxb3 Qe6 21. Qc2 Qc4 22.
Rad1 Nf4 23. Kh1 Ng4 24. Bxf4 exf4 25. Nf5 Rxd1 26. Rxd1 Qxe4 27. Qxe4 Nxf2+ 28.
Kg1 Nxe4 29. Rd7 Bd8 30. Rxb7 Nxc3 31. Nd6 Re7 32. Rb8 Rd7 33. Nb7 Kh7 34. Nxd8
Ne4 35. Kf1 Rd1+ 36. Ke2 Rb1 37. Nxc6 Nc3+ 38. Kd3 Nb5 39. Rb6 Rb3+ 40. Ke4 Rb2
41. Rxa6 Rxg2 42. Rb6 Nc3+ 43. Kxf4 Nd5+ 44. Ke4 Nc3+ 45. Kd3 Nd5 46. Rb5 Nc7
47. Rb7 Nd5 48. a6 Rf2 49. Nfd4 Ra2 50. a7 g5 51. Rb8 Nc7 52. Rc8 1-0

[Event "Women's Speed Chess Q2"]
[Site "chess.com INT"]
[Date "2020.06.19"]
[Round "3"]
[White "Mukhina, Jana"]
[Black "Juhasz, Barbara"]
[Result "0-1"]
[WhiteTitle "WFM"]
[BlackTitle "WIM"]
[WhiteElo "2068"]
[BlackElo "2223"]
[WhiteFideId "34115428"]
[BlackFideId "743585"]
[EventDate "2020.06.19"]

1. e4 c5 2. b4 cxb4 3. a3 b3 4. c4 e6 5. Qxb3 Nc6 6. Nf3 Bc5 7. Bb2 e5 8. Nxe5
Nd4 9. Qg3 Nc2+ 10. Kd1 Nxa1 11. Qxg7 Qf6 12. Ng4 Qxg7 13. Bxg7 Nb3 14. Bxh8 d6
15. Be2 Bxg4 16. Bxg4 f6 17. Be6 Ke7 18. Bxg8 Rxg8 19. Bxf6+ Kxf6 20. Nc3 Rxg2
21. Nd5+ Ke5 22. f4+ Kd4 23. f5 Rxd2+ 24. Ke1 Kxe4 25. f6 Rf2 26. Rf1 Rxf1+ 27.
Kxf1 Bd4 28. f7 Bg7 29. Nf6+ Kd3 30. Nxh7 Kxc4 31. f8=Q Bxf8 32. Nxf8 d5 33. h4
d4 34. Ke2 d3+ 35. Kd1 Nd4 36. h5 Nf5 37. Ng6 Kc3 38. Ne5 d2 39. Nf3 Ne3+ 40.
Ke2 d1=Q+ 41. Kxe3 Qh1 42. Kf4 Qxh5 43. a4 Kb4 44. a5 Kxa5 45. Ne5 b5 46. Ke3
Qxe5+ 47. Kd3 Kb4 48. Kc2 Qc3+ 49. Kb1 Qd2 50. Ka1 Kb3 51. Kb1 Qb2# 0-1

[Event "Women's Speed Chess Q2"]
[Site "chess.com INT"]
[Date "2020.06.19"]
[Round "3"]
[White "Tomilova, Elena"]
[Black "Dzagnidze, Nana"]
[Result "0-1"]
[WhiteTitle "WGM"]
[BlackTitle "GM"]
[WhiteElo "2353"]
[BlackElo "2524"]
[WhiteFideId "4162340"]
[BlackFideId "13601903"]
[EventDate "2020.06.19"]

1. d4 Nf6 2. Bg5 g6 3. Bxf6 exf6 4. e3 d5 5. Nf3 Bd6 6. g3 O-O 7. Bg2 c6 8. Nbd2
Nd7 9. O-O Re8 10. c4 dxc4 11. Nxc4 Bf8 12. a3 Nb6 13. Na5 Rb8 14. b4 Be6 15.
Rc1 Qd7 16. Ne1 Bd5 17. Nd3 Bxg2 18. Kxg2 Nd5 19. Qf3 f5 20. Nc5 Bxc5 21. bxc5
Nf6 22. Rb1 Ne4 23. Rb2 b6 24. cxb6 axb6 25. Nc4 b5 26. Nd2 Qd6 27. Ra1 Ng5 28.
Qd1 Qd5+ 29. Nf3 Ra8 30. h4 Ne4 31. Rc2 Re7 32. Qc1 Ra6 33. Rb1 Rea7 34. Rbb2
Kg7 35. Kh2 Rxa3 36. Rxc6 Ra1 37. Qc2 Ng5 38. Ng1 Nf3+ 39. Nxf3 Qxf3 40. Rb1
Rxb1 41. Qxb1 Qxf2+ 42. Kh3 Ra2 0-1

[Event "Women's Speed Chess Q2"]
[Site "chess.com INT"]
[Date "2020.06.19"]
[Round "3"]
[White "Dauletova, Gulmira"]
[Black "Nurmanova, Alua"]
[Result "1-0"]
[WhiteTitle "WIM"]
[BlackTitle "WFM"]
[WhiteElo "2319"]
[BlackElo "2026"]
[WhiteFideId "13702971"]
[BlackFideId "13729390"]
[EventDate "2020.06.19"]

1. e4 c5 2. Nf3 d6 3. d4 cxd4 4. Nxd4 Nf6 5. Nc3 a6 6. g3 e6 7. Bg2 Be7 8. O-O
O-O 9. g4 Qc7 10. g5 Nfd7 11. Be3 b5 12. a3 Bb7 13. f4 Nb6 14. Bf2 Nc4 15. Qc1
Nd7 16. Nde2 Rac8 17. b3 Ncb6 18. Qe3 Rfe8 19. Qh3 g6 20. Rad1 Bf8 21. Bd4 e5
22. Be3 exf4 23. Rxf4 Bg7 24. Bd4 Bxd4+ 25. Rxd4 Nc5 26. Rh4 h5 27. gxh6 Kh7 28.
Qg3 Ne6 29. Rxd6 Qc5+ 30. Kh1 Rcd8 31. e5 Rxd6 32. exd6 Ng5 33. Bxb7 Nd7 34. Rf4
Qe5 35. Bd5 f5 36. Rf2 Qf6 37. Qf4 Nb6 38. h4 Nxd5 39. Nxd5 Qa1+ 40. Rf1 Qxa3
41. hxg5 Rxe2 42. d7 Qc5 43. Nf6+ 1-0

[Event "Women's Speed Chess Q2"]
[Site "chess.com INT"]
[Date "2020.06.19"]
[Round "3"]
[White "Gomez Barrera, Javiera Belen"]
[Black "Hernandez Bonilla, Amelia"]
[Result "1-0"]
[WhiteTitle "WIM"]
[BlackTitle "WFM"]
[WhiteElo "2083"]
[BlackElo "2016"]
[WhiteFideId "3418723"]
[BlackFideId "3900193"]
[EventDate "2020.06.19"]

1. e4 c5 2. Nf3 d6 3. d4 cxd4 4. Nxd4 Nf6 5. Nc3 Nc6 6. f3 e5 7. Nb3 Be6 8. Be3
Be7 9. Qe2 O-O 10. O-O-O a5 11. Kb1 a4 12. Nc5 Qc7 13. Nb5 Qa5 14. Nxb7 Qc7 15.
N7xd6 Qb8 16. g4 Rd8 17. Nf5 Bf8 18. h4 Nb4 19. Rxd8 Qxd8 20. a3 Nc6 21. Qd2 Qb8
22. h5 Na5 23. g5 Nd7 24. Qc3 Nb6 25. Nc7 Ra7 26. Nxe6 fxe6 27. Ng3 Rb7 28. Bxb6
Rxb6 29. Bd3 Nc6 30. g6 Nd4 31. Ne2 Nxe2 32. Bxe2 Qb7 33. Bc4 Kh8 34. gxh7 Kxh7
35. Rd1 Be7 36. f4 exf4 37. e5 1-0

[Event "Women's Speed Chess Q2"]
[Site "chess.com INT"]
[Date "2020.06.19"]
[Round "3"]
[White "Kashlinskaya, Alina"]
[Black "Chitlange, Sakshi"]
[Result "1-0"]
[WhiteTitle "IM"]
[BlackTitle "WIM"]
[WhiteElo "2494"]
[BlackElo "2167"]
[WhiteFideId "4198026"]
[BlackFideId "35002899"]
[EventDate "2020.06.19"]

1. d4 Nf6 2. c4 e6 3. Nf3 Bb4+ 4. Bd2 Qe7 5. a3 Bxd2+ 6. Nbxd2 d6 7. Qc2 e5 8.
dxe5 dxe5 9. e3 O-O 10. h3 a5 11. g4 Nc6 12. Bd3 g6 13. Ne4 Rd8 14. O-O-O Be6
15. g5 Nxe4 16. Bxe4 Qc5 17. h4 Qxc4 18. Qxc4 Bxc4 19. Bxc6 bxc6 20. Nxe5 Bd5
21. Rhg1 c5 22. Ng4 Bf3 23. Nf6+ Kg7 24. Rxd8 Rxd8 25. Kc2 h5 26. Kc3 Be2 27.
Re1 Ba6 28. f4 Rd3+ 29. Kc2 a4 30. e4 Rf3 31. Rd1 Rxf4 32. Rd8 Rxf6 33. gxf6+
Kxf6 34. Rd7 Bb7 35. Kd3 Ba6+ 36. Ke3 Bc4 37. Rxc7 Bb3 38. Rxc5 Ke6 39. Kf4 f6
40. Ra5 Bc2 41. Ra6+ Ke7 42. e5 fxe5+ 43. Kxe5 Bb3 44. Ra7+ Kf8 45. Kf6 Ke8 46.
Kxg6 Bd1 47. Ra5 Kd7 48. Rd5+ Ke6 49. Rxd1 Ke5 50. Kxh5 Kf5 51. Rf1+ Ke6 52. Kg6 1-0

[Event "Women's Speed Chess Q2"]
[Site "chess.com INT"]
[Date "2020.06.19"]
[Round "3"]
[White "Nikulina, Alena"]
[Black "Kovacs, Klara"]
[Result "1/2-1/2"]
[WhiteTitle "WFM"]
[BlackTitle "WIM"]
[WhiteElo "1887"]
[BlackElo "2154"]
[WhiteFideId "4172051"]
[BlackFideId "733210"]
[EventDate "2020.06.19"]

1. e4 e6 2. d4 d5 3. exd5 exd5 4. c4 Nf6 5. Nc3 Be7 6. Nf3 O-O 7. Bd3 Bg4 8. O-O
dxc4 9. Bxc4 c6 10. Be3 Nbd7 11. h3 Bh5 12. g4 Bg6 13. Ne5 Nb6 14. Bb3 Nfd5 15.
a4 a5 16. Bd2 Nxc3 17. bxc3 Bf6 18. f4 Be4 19. Qe2 Bd5 20. Bc2 Bxe5 21. fxe5 Nc4
22. Qd3 g6 23. Bh6 Re8 24. Rf6 Re6 25. Raf1 Rxf6 26. Rxf6 Qd7 27. Bb3 b5 28.
Bxc4 Bxc4 29. Qf3 Bd5 30. Qf4 b4 31. Rd6 Qe7 32. Bg5 Qf8 33. Rd7 b3 34. Bh6 b2
35. Rb7 Rb8 36. Rxb2 Qd8 37. Rxb8 Qxb8 38. Qf6 Qb1+ 39. Kf2 Qc2+ 40. Kg3 Qxc3+
41. Kh4 Qe1+ 42. Kg5 Qe3+ 43. Kh4 Qe1+ 44. Kg5 Qe3+ 45. Kh4 Qe1+ 1/2-1/2

[Event "Women's Speed Chess Q2"]
[Site "chess.com INT"]
[Date "2020.06.19"]
[Round "3"]
[White "Vantika, Agrawal"]
[Black "Sebag, Marie"]
[Result "1-0"]
[WhiteTitle "WIM"]
[BlackTitle "GM"]
[WhiteElo "2286"]
[BlackElo "2438"]
[WhiteFideId "25050389"]
[BlackFideId "617822"]
[EventDate "2020.06.19"]

1. d4 d5 2. c4 c6 3. Nf3 Nf6 4. e3 Bf5 5. Nc3 e6 6. Nh4 Be4 7. f3 Bg6 8. Qb3 Qc7
9. Bd2 Be7 10. g3 Nbd7 11. cxd5 cxd5 12. Rc1 Qb6 13. Nxg6 Qxb3 14. axb3 hxg6 15.
Kf2 O-O 16. h4 Rfc8 17. Bd3 a6 18. g4 Rc6 19. h5 g5 20. Rhg1 Rb6 21. Bc2 Rc8 22.
e4 dxe4 23. fxe4 Rbc6 24. Ke2 b5 25. Bd3 Ne8 26. e5 Nb6 27. Ne4 Nd5 28. Rxc6
Rxc6 29. Nxg5 Nec7 30. Ne4 Nb4 31. Bb1 Ncd5 32. g5 Nc2 33. Nf6+ gxf6 34. gxf6+
Kf8 35. fxe7+ Kxe7 36. Bxc2 Rxc2 37. h6 Nf4+ 38. Ke3 Ng6 39. h7 Rc8 40. Kd3 Rh8
41. Bg5+ Kf8 42. Rh1 1-0

[Event "Women's Speed Chess Q2"]
[Site "chess.com INT"]
[Date "2020.06.19"]
[Round "3"]
[White "Sukandar, Irine Kharisma"]
[Black "Divya, Deshmukh"]
[Result "1-0"]
[WhiteTitle "IM"]
[BlackTitle "WIM"]
[WhiteElo "2413"]
[BlackElo "2305"]
[WhiteFideId "7101937"]
[BlackFideId "35006916"]
[EventDate "2020.06.19"]

1. d4 Nf6 2. Nf3 e6 3. g3 b6 4. Bg2 Bb7 5. O-O Be7 6. b3 O-O 7. Bb2 d5 8. Nbd2
Nbd7 9. Ne5 c5 10. e3 Rc8 11. Re1 Bd6 12. c4 Qc7 13. Nxd7 Nxd7 14. cxd5 exd5 15.
Rc1 Qb8 16. dxc5 bxc5 17. Bxg7 Kxg7 18. Qg4+ Kh8 19. Qxd7 Rcd8 20. Qf5 Be7 21.
Nf3 Qd6 22. Red1 Qe6 23. Qh5 Qg6 24. Qe5+ Bf6 25. Qc7 Ba8 26. Qxc5 d4 27. Nxd4
Bxg2 28. Kxg2 Qe4+ 29. Kg1 Rd5 30. Qc2 Qg4 31. Ne2 Rh5 32. Nf4 Rh6 33. Qe2 Qg7
34. Nh5 Qg6 35. Nxf6 Qxf6 36. Qc4 Rg8 37. Qd4 Qxd4 38. Rxd4 Ra6 39. Rc2 Rb8 40.
Rd7 Kg8 41. Kg2 Rb5 42. h4 Rba5 43. a4 Rf5 44. Rc3 Rb6 45. Rxa7 Re5 46. Rd7 Ra5
47. Rd4 Raa6 48. Rg4+ Kf8 49. Rf4 Kg7 50. Rc7 Rxb3 51. Rfxf7+ Kg8 52. Rfd7 1-0

[Event "Women's Speed Chess Q2"]
[Site "chess.com INT"]
[Date "2020.06.19"]
[Round "3"]
[White "Danielian, Elina"]
[Black "Golubenko, Valentina"]
[Result "1-0"]
[WhiteTitle "GM"]
[BlackTitle "WGM"]
[WhiteElo "2407"]
[BlackElo "2209"]
[WhiteFideId "13300210"]
[BlackFideId "4501993"]
[EventDate "2020.06.19"]

1. d4 g6 2. e4 Bg7 3. c3 c5 4. dxc5 Qc7 5. Be3 Nf6 6. Nd2 O-O 7. h3 Na6 8. b4
Nh5 9. Rc1 Rd8 10. Ngf3 d6 11. cxd6 Qxd6 12. Bc4 Be6 13. O-O Bxc4 14. Nxc4 Qc6
15. Qb3 Qxe4 16. Na5 Nf4 17. Bxf4 Qxf4 18. Nxb7 Rd3 19. Rfd1 Rxf3 20. gxf3 Qxf3
21. Qd5 Qxh3 22. Qg2 Qf5 23. Nc5 Nxc5 24. Qxa8+ Bf8 25. bxc5 Qxc5 26. Qf3 e6 27.
Qe3 Qf5 28. Rd8 Kg7 29. Rxf8 Kxf8 30. Re1 h5 31. Qe4 Qg5+ 32. Kf1 h4 33. Re3 Qh5
34. Kg2 Qg5+ 35. Kh2 Qf6 36. Rf3 Qg5 37. Qf4 Qe7 38. Qh6+ Kg8 39. Qf4 g5 40. Qf6
Qd6+ 41. Kg2 Qd7 42. Qxg5+ Kf8 43. Qxh4 Qd5 44. Qh6+ Ke8 45. Qf6 Qb7 46. Qh8+
Ke7 47. Qg7 Ke8 48. Kg3 Qc7+ 49. Kg2 Qb7 50. Qd4 Ke7 51. c4 a5 52. c5 Qc6 53.
Qd6+ Qxd6 54. cxd6+ Kxd6 55. Rxf7 e5 56. Ra7 Kd5 57. Rxa5+ 1-0

[Event "Women's Speed Chess Q2"]
[Site "chess.com INT"]
[Date "2020.06.19"]
[Round "3"]
[White "Bulmaga, Irina"]
[Black "Sudakova, Irina"]
[Result "1-0"]
[WhiteTitle "IM"]
[BlackTitle "WGM"]
[WhiteElo "2440"]
[BlackElo "2288"]
[WhiteFideId "13903063"]
[BlackFideId "4129903"]
[EventDate "2020.06.19"]

1. e4 c5 2. Nf3 d6 3. d4 Nf6 4. Nc3 cxd4 5. Nxd4 Nc6 6. f3 e5 7. Nb3 Be7 8. Be3
O-O 9. Qd2 a5 10. a4 Nb4 11. O-O-O Be6 12. Kb1 d5 13. exd5 Nfxd5 14. Nxd5 Bxd5
15. Bd3 Qc8 16. Be4 Rd8 17. Bxd5 Rxd5 18. Qf2 Rxd1+ 19. Rxd1 Qc6 20. Bc5 Bg5 21.
h4 Bh6 22. Bxb4 axb4 23. a5 g6 24. Qe1 Rc8 25. Qe2 Bg7 26. Qe4 Qc7 27. g4 Bf6
28. h5 Kg7 29. Rd5 Kg8 30. Rc5 Qd8 31. Rxc8 Qxc8 32. hxg6 hxg6 33. Qxb4 Qc6 34.
Qe4 Qb5 35. Qd3 Qc6 36. Nd2 Be7 37. c3 Qa4 38. Nc4 Qb5 39. Kc2 Kg7 40. b3 Bf6
41. Qe4 Qc5 42. Qe3 Qd5 43. g5 Bd8 44. Qxe5+ Qxe5 45. Nxe5 Bxa5 46. Kd3 Bd8 47.
f4 Bc7 48. Ke4 f6 49. gxf6+ Kxf6 50. Nd7+ Ke7 51. Nc5 b6 52. Nd3 Kf6 53. Nb4 g5
54. Nd5+ Ke6 55. Nxc7+ Kd7 56. Nd5 gxf4 57. Nxb6+ Kc6 58. Nc4 1-0

[Event "Women's Speed Chess Q2"]
[Site "chess.com INT"]
[Date "2020.06.19"]
[Round "3"]
[White "Efimenko, Maria"]
[Black "Filippova, Margarita"]
[Result "0-1"]
[WhiteTitle "WIM"]
[BlackTitle "WFM"]
[WhiteElo "2245"]
[BlackElo "1931"]
[WhiteFideId "14124327"]
[BlackFideId "34199680"]
[EventDate "2020.06.19"]

1. e4 Nf6 2. e5 Nd5 3. d4 d6 4. Nf3 g6 5. Be2 Bg7 6. O-O O-O 7. h3 c5 8. exd6
exd6 9. c4 Nb6 10. Nc3 cxd4 11. Nxd4 d5 12. c5 Nc4 13. Bf3 Nc6 14. Nb3 d4 15.
Nb5 a6 16. Bxc6 axb5 17. Bxb5 Be6 18. Qf3 Qc7 19. Bf4 Qc8 20. Qe2 d3 21. Qxd3
Nxb2 22. Qc2 Na4 23. Rad1 Nc3 24. Bd3 Nxd1 25. Rxd1 Rd8 26. Bd6 Bf8 27. Bxf8
Kxf8 28. Re1 Kg8 29. Be4 Bd5 30. Bxd5 Rxd5 31. Re2 Qc6 32. Qc3 Rc8 33. Rc2 b6
34. Nd4 Qxc5 35. Qd2 Qxc2 36. Qxc2 Rxc2 37. Nxc2 Rd2 38. Nb4 Rb2 39. Nd5 Rxa2
40. Nxb6 Ra1+ 41. Kh2 Kg7 42. Kg3 Kf6 43. Nd5+ Ke5 44. Ne3 f5 45. f4+ Ke4 46.
Nc4 Ra2 47. Nd6+ Ke3 0-1

[Event "Women's Speed Chess Q2"]
[Site "chess.com INT"]
[Date "2020.06.19"]
[Round "3"]
[White "Huda, Maryana"]
[Black "Mkrtchian, Lilit"]
[Result "1-0"]
[WhiteTitle "WGM"]
[BlackTitle "IM"]
[WhiteElo "2128"]
[BlackElo "2388"]
[WhiteFideId "14116553"]
[BlackFideId "13300601"]
[EventDate "2020.06.19"]

1. d4 d5 2. c4 c6 3. Nf3 Nf6 4. e3 Bg4 5. h3 Bxf3 6. Qxf3 e6 7. Nc3 Nbd7 8. Bd2
Bb4 9. a3 Ba5 10. b4 Bc7 11. Bd3 O-O 12. O-O Re8 13. cxd5 exd5 14. b5 Nb6 15.
Rfc1 Qd6 16. g3 Qe6 17. Kg2 Ne4 18. Be1 f5 19. h4 Rf8 20. Ne2 Rae8 21. bxc6 bxc6
22. Nf4 Qd7 23. Bb4 Rf6 24. Rh1 Nd6 25. a4 Nbc4 26. Bc5 a5 27. Rab1 Nd2 28. Qe2
Nxb1 29. Rxb1 Ne4 30. Qc2 Bxf4 31. exf4 Rfe6 32. Bb6 g6 33. Bxa5 Ra8 34. Be1 Qa7
35. a5 Qxd4 36. Rb7 Rf6 37. Qb3 Nc5 38. Rb8+ Rf8 39. Rxf8+ Rxf8 40. Qb6 Qxd3 41.
Qxc5 Qe4+ 42. Kf1 Rb8 43. a6 Rb1 44. Qc3 Rd1 45. a7 Qe8 46. Qa5 Qa8 47. Ke2 1-0

[Event "Women's Speed Chess Q2"]
[Site "chess.com INT"]
[Date "2020.06.19"]
[Round "3"]
[White "Zvereva, Margarita"]
[Black "Kubicka, Anna"]
[Result "0-1"]
[WhiteTitle "WFM"]
[BlackTitle "WIM"]
[WhiteElo "1929"]
[BlackElo "2256"]
[WhiteFideId "34177741"]
[BlackFideId "1152254"]
[EventDate "2020.06.19"]

1. d4 c5 2. dxc5 Nf6 3. Nf3 g6 4. e3 Bg7 5. Bd3 O-O 6. O-O Qc7 7. c3 Qxc5 8.
Nbd2 d6 9. Nb3 Qb6 10. Qe2 Nc6 11. e4 Bg4 12. h3 Bxf3 13. Qxf3 Ne5 14. Qe2 Nxd3
15. Qxd3 Nd7 16. Be3 Qc7 17. Bd4 Ne5 18. Qe2 Nc6 19. Bxg7 Kxg7 20. f4 a5 21. f5
a4 22. Nd2 Qb6+ 23. Kh1 Qxb2 24. Qd3 Ne5 25. Qd4 Rac8 26. Rac1 Qxa2 27. c4 Rc5
28. f6+ exf6 29. Qxd6 Rc6 30. Qd4 Qa3 31. c5 Qd3 32. Qf2 a3 33. Rcd1 a2 34. Nf3
Qxe4 35. Nxe5 fxe5 36. Rd6 Rxd6 37. cxd6 Qd5 38. Qf6+ Kg8 39. d7 Qxd7 40. Qxe5
Qe6 41. Qa1 b5 42. Rf2 Ra8 43. Rf6 Qxf6 44. Qxf6 a1=Q+ 0-1

[Event "Women's Speed Chess Q2"]
[Site "chess.com INT"]
[Date "2020.06.19"]
[Round "3"]
[White "Babiy, Olga"]
[Black "Munkhzul, Turmunkh"]
[Result "1/2-1/2"]
[WhiteTitle "WGM"]
[BlackTitle "WIM"]
[WhiteElo "2228"]
[BlackElo "2278"]
[WhiteFideId "14117258"]
[BlackFideId "4901878"]
[EventDate "2020.06.19"]

1. e4 c5 2. Nf3 d6 3. d4 cxd4 4. Nxd4 Nf6 5. Nc3 a6 6. f4 e5 7. Nf3 Nbd7 8. Bd3
Be7 9. O-O O-O 10. a4 exf4 11. Bxf4 Nc5 12. Kh1 Bg4 13. Qe1 Bh5 14. b4 Ne6 15.
Bd2 Bg6 16. Qe2 Re8 17. Nd5 Nxd5 18. exd5 Nc7 19. Bxg6 hxg6 20. Qd3 Bf6 21. Rae1
Qd7 22. a5 Qb5 23. c4 Qd7 24. h3 Rxe1 25. Rxe1 Re8 26. Bf4 Rxe1+ 27. Nxe1 g5 28.
Bg3 g4 29. hxg4 Qxg4 30. Kh2 Bh4 31. Bxd6 Nxd5 32. cxd5 Bxe1 33. Bg3 Bxg3+ 34.
Qxg3 Qh5+ 35. Qh3 Qxd5 36. Qc8+ Kh7 37. Qh3+ Kg6 38. Qg4+ Kf6 39. Qf4+ Kg6 40.
Qg4+ Kh6 41. Qf4+ g5 42. Qf6+ Kh7 43. Kg3 g4 44. Kh4 Qc4 45. Qf5+ Kh6 46. Qf6+
Kh7 47. Qf5+ Kh6 48. Qf6+ Kh7 1/2-1/2

[Event "Women's Speed Chess Q2"]
[Site "chess.com INT"]
[Date "2020.06.19"]
[Round "3"]
[White "Rakhmangulova, Anastasiya"]
[Black "Keetman, Maaike"]
[Result "0-1"]
[WhiteTitle "WIM"]
[BlackTitle "WFM"]
[WhiteElo "2191"]
[BlackElo "2169"]
[WhiteFideId "14117479"]
[BlackFideId "1033697"]
[EventDate "2020.06.19"]

1. e4 e6 2. d4 d5 3. Bd3 c5 4. exd5 exd5 5. Nf3 Nf6 6. O-O c4 7. Re1+ Be7 8. Bf1
O-O 9. b3 cxb3 10. axb3 Nc6 11. c4 Bf5 12. Nh4 Bg4 13. f3 Be6 14. Bg5 dxc4 15.
Bxc4 Qxd4+ 16. Qxd4 Nxd4 17. Ra2 h6 18. Bxe6 hxg5 19. Nf5 Bc5 20. b4 fxe6 21.
bxc5 exf5 22. Nc3 a6 23. Rb2 Rf7 24. Rd1 Rd8 25. Rbd2 Rfd7 26. Kf1 Ne6 27. Rd6
Rxd6 28. cxd6 Nc5 29. Na2 Ne8 30. Rc1 b6 31. Nb4 a5 32. Nd5 Rxd6 33. Ne7+ Kf7
34. Nxf5 Rd5 35. Ne3 Rd3 36. Nc4 Rb3 37. Re1 Nf6 38. Nd6+ Kg6 39. Rd1 b5 40. h4
gxh4 41. f4 Ng4 42. f5+ Kh5 43. Ke1 Ne3 44. Rd2 a4 45. Ke2 a3 46. Nxb5 Rxb5 47.
Kxe3 Rb2 48. Rd5 a2 49. f6+ Kg6 50. fxg7 Kxg7 51. Rd1 Rb1 0-1

[Event "Women's Speed Chess Q2"]
[Site "chess.com INT"]
[Date "2020.06.19"]
[Round "3"]
[White "Morris-Suzuki, Sophie"]
[Black "Mamedjarova, Zeinab"]
[Result "0-1"]
[WhiteTitle "WFM"]
[BlackTitle "WGM"]
[WhiteElo "2043"]
[BlackElo "2274"]
[WhiteFideId "30922615"]
[BlackFideId "13401521"]
[EventDate "2020.06.19"]

1. e4 d5 2. Nc3 d4 3. Nce2 e5 4. Ng3 Nf6 5. Bc4 g6 6. Nf3 Nfd7 7. d3 Bg7 8. Bg5
f6 9. Bd2 Qe7 10. Bb3 Nc6 11. h4 Nc5 12. h5 Nxb3 13. axb3 Bg4 14. h6 Bf8 15. Rh4
Bxf3 16. Qxf3 f5 17. Rh1 f4 18. Nf1 O-O-O 19. Nh2 Kb8 20. Ng4 Qe6 21. Ke2 Bb4
22. Ra4 Bxd2 23. Kxd2 a6 24. Rha1 g5 25. b4 Na7 26. Ra5 Nc6 27. Rc5 Qd6 28. Qh3
Nxb4 29. Rxe5 Qc6 30. Rc1 Qd6 31. Rxg5 c5 32. Ne5 Qf6 33. Rf5 Qb6 34. Nf7 Na2
35. Nxh8 Rxh8 36. Rxf4 Qxb2 37. Rd1 Qc3+ 38. Ke2 Qxc2+ 39. Ke1 Nc3 40. Qf3 Re8
41. Ra1 Qb2 42. Rd1 a5 43. Rf8 Rxf8 44. Qxf8+ Ka7 45. Qxc5+ Ka6 46. Qxd4 Qe2# 0-1

[Event "Women's Speed Chess Q2"]
[Site "chess.com INT"]
[Date "2020.06.19"]
[Round "3"]
[White "Mamedjarova, Turkan"]
[Black "Ambartsumova, Karina"]
[Result "0-1"]
[WhiteTitle "WGM"]
[BlackTitle "IM"]
[WhiteElo "2309"]
[BlackElo "2371"]
[WhiteFideId "13402005"]
[BlackFideId "4166299"]
[EventDate "2020.06.19"]

1. d4 Nf6 2. Nf3 d6 3. c4 Nbd7 4. Nc3 e5 5. e4 g6 6. d5 Bg7 7. Be2 O-O 8. h3 Nc5
9. Qc2 a5 10. g4 c6 11. Be3 Nfd7 12. O-O-O Qe7 13. h4 h6 14. Qd2 Kh7 15. dxc6
bxc6 16. Qxd6 Qxd6 17. Rxd6 Ne6 18. Rxc6 Bb7 19. Rd6 Ndc5 20. h5 Nxe4 21. hxg6+
fxg6 22. Nxe4 Bxe4 23. Rxe6 Bxf3 24. Bxf3 Rxf3 25. Re7 Kg8 26. Bxh6 Bf6 27. Re6
Kf7 28. Rc6 Rxf2 29. g5 Be7 30. Re1 Re8 31. Kb1 Bb4 32. Rc7+ Ke6 33. Rd1 Rd2 34.
Rf1 e4 35. Bg7 Be7 36. Bc3 Re2 37. Rc6+ Kd7 38. Rxg6 e3 39. Rd1+ Kc7 40. Bxa5+
Kb7 41. Rd7+ Kc8 42. Rc7+ Kb8 43. Rb6+ Kxc7 44. Rb5+ Kd7 45. Re5 Bd6 46. Rd5 Kc6
47. Rd1 Rf2 48. b4 e2 49. b5+ Kb7 50. Re1 Rf1 51. Kc2 Bg3 0-1

[Event "Women's Speed Chess Q2"]
[Site "chess.com INT"]
[Date "2020.06.19"]
[Round "3"]
[White "Vovk, Anastasiia"]
[Black "Vifleemskaia, Svetlana"]
[Result "1/2-1/2"]
[WhiteTitle "WGM"]
[BlackTitle "WFM"]
[WhiteElo "2076"]
[BlackElo "1943"]
[WhiteFideId "14110563"]
[BlackFideId "4129490"]
[EventDate "2020.06.19"]

1. e4 e5 2. Nf3 Nc6 3. Bb5 a6 4. Ba4 Nf6 5. O-O Be7 6. c3 Nxe4 7. Re1 Nf6 8.
Nxe5 Nxe5 9. Rxe5 O-O 10. d4 d6 11. Re1 d5 12. Bf4 Bf5 13. Nd2 h6 14. h3 Bd6 15.
Be5 b5 16. Bb3 c6 17. Nf3 Be4 18. Bxd6 Qxd6 19. Ne5 Rfe8 20. Bc2 a5 21. b3 a4
22. bxa4 Bxc2 23. Qxc2 Rxa4 24. Nd3 Raa8 25. Nc5 Nd7 26. Rxe8+ Rxe8 27. Nxd7
Qxd7 28. a4 bxa4 29. Qxa4 Re2 30. Qd1 Qe6 31. Qd3 g6 32. g3 Kg7 33. Kg2 Rb2 34.
Rd1 Qe4+ 35. Qxe4 dxe4 36. c4 Kf6 37. Re1 Rc2 38. Rxe4 Rxc4 39. Kf3 Kf5 40. g4+
Kf6 41. h4 g5 42. hxg5+ hxg5 43. Ke3 Rc3+ 44. Kd2 Ra3 45. f4 gxf4 46. Rxf4+ Ke6
47. Re4+ Kd6 48. Rf4 Ke6 49. Re4+ Kd6 50. Rf4 Ke6 1/2-1/2